000 00303nam a22001337a 4500
008 211018b ||||| |||| 00| 0 eng d
041 _aeng
080 _22nd
_a579
082 _a579
100 _a11
101 _aMIK
245 _aMicrobiology An Evolving Science
_cSlonczewski,J.L
942 _2ddc
_cBK
999 _c58255
_d58255